| 000 | 00668nam a2200253 4500 | ||
|---|---|---|---|
| 001 | 2037 | ||
| 010 | _a9789722548113 | ||
| 021 |
_aPT _b535790/24 |
||
| 090 | _a2037 | ||
| 100 | _a20260130d2025 c||y0pory50030103ba | ||
| 101 | _apor | ||
| 102 | _aPT | ||
| 200 |
_aJuntos conseguimos! _fNicola Kinnear _gtrad. Dina Antunes |
||
| 205 | _a1ª edição | ||
| 210 |
_a[S.l.] _cBertrand _d2025 |
||
| 215 |
_a[32] p. _cil. _d29 cm |
||
| 300 | _aBMB-Registado | ||
| 304 | _aTít. orig.: The worry bee | ||
| 606 |
_9863 _aLiteratura Infantil |
||
| 675 |
_a087.5 _vBMB _zpor |
||
| 700 |
_aKinnear _bNicola _91072 |
||
| 702 |
_aAntunes _bDina _4730 _9829 |
||
| 801 |
_aPT _bBMB _gRPC |
||
| 990 | _cLIVROS | ||